| 000 | 00509nam a2200169Ia 4500 | ||
|---|---|---|---|
| 008 | 180921t2013 xxu||||| |||| 00| 0 sin d | ||
| 041 | _asin | ||
| 080 |
_a159.9 _bATH |
||
| 100 | _aAthukorala, Daya Rohana | ||
| 245 | _aමෝහනය හා මෝහන ශිල්ප ක්රම - අත්පොත | ||
| 246 | _aMohanaya Haa Mohana Shilpa Krama Athpotha | ||
| 260 |
_bShiksha Mandira _aColombo _c2013 |
||
| 300 | _b21 cm | ||
| 942 | _cBK | ||
| 999 |
_c644 _d644 |
||
| 003 | LK-CoDNM | ||
| 040 |
_aLK-CoDNM _dLK-CoDNM _eLK-CoDNM |
||